000 01341nam a2200277Ia 4500
999 _c56276
_d56276
001 23388
003 GE_BSU
005 20251212153749.0
008 181216s2000||||ge |||||||||||||| ||geo||
020 _aISBN 99928-44-95-7
040 _cGE_BSU
041 _ageo
080 _a711(479.223-25) კ-71
100 _aკომახიძე, თეიმურაზ
_93432
245 _aქალაქ ბათუმის დაგეგმარებისა და განაშენიანების ისტორია : წ-6 /
_cთეიმურაზ კომახიძე ; რედ.: ჯემალ ხოფერია.
264 _aბათუმი :
_bგამ-ბა აჭარა,
_c2000.
300 _a660 გვ.;
_c20 სმ.
504 _aბიბლიოგრაფია გვ. 657
541 _h15ლ.
653 _aარქიტექტურა
653 _aბათუმის დაგეგმარება
653 _aბათუმის განაშენიანება
653 _aქალაქ ბათუმის დაგეგმარებისა და განაშენიანების ისტორია : წ-6
700 _aხოფერია, ჯემალ
_eრედაქტორი
_93862
942 _cBK
_2udc